Burkina Faso : Staff Report for the 2005 Article IV Consultation, Fourth Review Under the Poverty Reduction and Growth Facility Arrangement, and Request for Waiver of Performance Criterion.

The staff report for the combined 2005 Article IV Consultation on Burkina Faso focuses on recent economic developments and performance. Burkina Faso has maintained an average real GDP growth rate of more than 6 percent annually, and inflation has been contained. Revenues performance is benefiting fr...

Cijeli opis

Bibliografski detalji
Autor kompanije: International Monetary Fund
Format: Žurnal
Jezik:English
Izdano: Washington, D.C. : International Monetary Fund, 2005.
Serija:IMF Staff Country Reports; Country Report ; No. 2005/354
Online pristup:Full text available on IMF
LEADER 01806cas a2200241 a 4500
001 AALejournalIMF003823
008 230101c9999 xx r poo 0 0eng d
020 |c 5.00 USD 
020 |z 9781451803853 
022 |a 1934-7685 
040 |a BD-DhAAL  |c BD-DhAAL 
110 2 |a International Monetary Fund. 
245 1 0 |a Burkina Faso :   |b Staff Report for the 2005 Article IV Consultation, Fourth Review Under the Poverty Reduction and Growth Facility Arrangement, and Request for Waiver of Performance Criterion. 
264 1 |a Washington, D.C. :  |b International Monetary Fund,  |c 2005. 
300 |a 1 online resource (89 pages) 
490 1 |a IMF Staff Country Reports 
500 |a <strong>Off-Campus Access:</strong> No User ID or Password Required 
500 |a <strong>On-Campus Access:</strong> No User ID or Password Required 
506 |a Electronic access restricted to authorized BRAC University faculty, staff and students 
520 3 |a The staff report for the combined 2005 Article IV Consultation on Burkina Faso focuses on recent economic developments and performance. Burkina Faso has maintained an average real GDP growth rate of more than 6 percent annually, and inflation has been contained. Revenues performance is benefiting from the computerization of the major customs offices and the introduction of a new single taxpayer identification number. Continued implementation of pro-growth macroeconomic policies, diversification of the economy, and structural reforms will be necessary to establish the conditions for a resumption of robust economic growth. 
538 |a Mode of access: Internet 
830 0 |a IMF Staff Country Reports; Country Report ;  |v No. 2005/354 
856 4 0 |z Full text available on IMF  |u http://elibrary.imf.org/view/journals/002/2005/354/002.2005.issue-354-en.xml  |z IMF e-Library